000
00221nam a2200121Ia 4500
100
_a
#N/A
942
_c
BK
245
_a
Oracle for professionals
260
_b
#N/A
082
_b
22768
546
_a
ENGLISH
999
_c
29073
_d
29073